Jugadores más jóvenes en marcar en el Real Madrid - Estadísticas

Estadísticas generales
  • Esta prueba ha sido intentada 139 veces
  • La puntuación promedio es 4 de 10
Estadísticas de respuestas
Jugador % Correcto
Endrick
89%
Vinicius Junior
85%
Rodrygo
77%
Arda Guler
53%
Sergio Ramos
32%
Eduardo Camavinga
24%
Álvaro Rodríguez
18%
Gonzalo Higuaín
14%
Raphael Varane
13%
Achraf Hakimi
4%
No se encontraron pruebas coincidentes
Distribución de puntuación
Porcentaje de gente con cada puntuación
Porcentaje por número respondido
Historial de tus puntuaciones
No has intentado esta prueba.